Groups in physics : Collective model of the nucleus, Canonical transformations in quantum mechanics /

Guardado en:
Autor Principal: Moshinsky, Marcos.
Formato: Libro
Idioma:English
Publicado: Montréal : Presses de l'Université de Montréal, 1979.
Series:Séminaire de mathématiques supérieures ; 67
Materias:
Etiquetas: Agregar Etiqueta
Sin Etiquetas, Sea el primero en etiquetar este registro!
LEADER 00956cam a2200265 a 4500
001 MAT.inmabb004734
008 800403s1979####quc######b####000#0#eng##
005 20130222115616.0
245 1 0 |a Groups in physics :  |b Collective model of the nucleus, Canonical transformations in quantum mechanics /  |c Marcos Moshinsky. 
260 |a Montréal :  |b Presses de l'Université de Montréal,  |c 1979. 
300 |a 99 p. ;  |c 28 cm. 
440 0 |a Séminaire de mathématiques supérieures ;  |v 67 
500 |a Notas del curso dictado en junio-julio de 1976. 
504 |a Incluye referencias bibliográficas. 
510 4 |a MR,  |c 80h:81078 
020 |a 2760604586 
100 1 |a Moshinsky, Marcos. 
650 0 |a Contact transformations. 
650 0 |a Group theory. 
650 0 |a Nuclear collective models. 
650 0 |a Quantum theory. 
084 |a 81Vxx (22E70 70H15)  |2 msc2000 
010 |a  80465306  
040 |a DLC  |c DLC  |d DLC 
859 |h 81  |i M911  |p A-5516  |b BIB. MATEMATICA